| 000 | 01189nam a22002297a 4500 | ||
|---|---|---|---|
| 005 | 20240724233248.0 | ||
| 008 | s2554 th ||||| |||| 00| 0 tha d | ||
| 020 | _a9789744495884 | ||
| 050 | _aJF801 ร361น 2554 | ||
| 100 | 0 | _aศุภลักษณ์ สินธนา | |
| 245 | 1 | 0 | _aแนวทางการสร้างเสริมสำนึกความเป็นพลเมืองแก่เยาวชน |
| 260 | 3 |
_aกรุงเทพฯ : _bสำนักงานสภาพัฒนาการเมือง สถาบันพระปกเกล้า, _c2554 |
|
| 300 |
_a144 หน้า : _b ตาราง ; _c 21 ซม. |
||
| 650 | 0 | 4 | _aพลเมือง -- วิจัย |
| 650 | 0 | 4 | _aหน้าที่พลเมือง -- เยาวชน -- วิจัย |
| 650 | 0 | 4 | _aหน้าที่พลเมือง -- วิจัย |
| 850 | _aNALT | ||
| 942 |
_cRSH _01 |
||
| 997 | _aบ 24088 ฉ.1 / บ24141 ฉ.2 | ||
| 997 | _c000000000064172 | ||
| 998 | _aนางสาวเบญจลักษณ์ สุทธิวิไล | ||
| 999 |
_c64172 _d64172 |
||